| 000 | 00754nam a2200217 a 4500 | ||
|---|---|---|---|
| 001 | 48596 | ||
| 003 | BD-RjUL | ||
| 005 | 20211209054542.0 | ||
| 008 | 140816s1964 bg 000 p ben d | ||
| 035 | _a(BD-RjUL)48715 | ||
| 040 |
_aBD-RjUL _cBD-RjUL _dBD-RjUL _bben |
||
| 041 | _aben | ||
| 082 | 0 | 4 |
_223 _a891.441 _bGUN 1964 |
| 100 | 1 | 0 |
_aগুহ অরবিন্দ _9146804 |
| 245 | 1 | 0 |
_aনিবিড় নীলিমায় অলঙ্কৃত / _cঅরবিন্দ গুহ |
| 260 |
_aকলকাতা : _bকানাইলাল সরকার, _c১৯৬৪ |
||
| 300 |
_a৬৩ পৃ. ; _c২১ সেমি. |
||
| 650 | 0 |
_aবাংলা কবিতা _99451 |
|
| 650 | 0 |
_aBengali poetry _9117526 |
|
| 942 |
_2ddc _cBK |
||
| 999 |
_c48596 _d48596 |
||